00480 2200181 4500001002100000005001500021008004100036020002200077035001900099041000700118082000800125090001400133100002300147245005100170260002700221300001800248650003200266INLIS00000000001314420241224114511241224||||||||| | ||| |||| || |  a978-979-665-479-6 0010-1224013144 aid0 a398 a398 SRI m0 aEndang Sri Nuryani00aMengenal Kebudayaan Suku-suku Bangsa Indonesia aBandungbAngkasac1996 a76hlm;15X21cm 0aAdat Istiadat Dan Kebiasaan